000 02554cam a2200541 4500
008 090401t1994 xxu||||| |||| 00| 0 eng d
020 _a0854066683
035 _a(Sirsi) u61010
041 _aeng
050 _a333.33072
090 _aRICS 1994/57ABCD
110 _aRoyal Institution of Chartered Surveyors
_94900
245 _aProceedings of The Cutting Edge property research conference of the Royal Institution of Chartered Surveyors, held on 2-3 September 1994 at City University Business School.
260 _aLondon
_bRICS
_c1994
300 _a532p. ; 30cm.
350 _a50
520 _aCover title: The Cutting Edge 1994. Papers:- Valuing properties when comparable sales do not exist and the market is in disequilibrium/ HENDERSHOTT, P. - Distortion effects in the evolution of comparables/ GALLIMORE, P. - An automatic pilot for surveyors/ JAMES, H. - The valuation smoothing effects of property returns/ WARD, C. & WU, W. - Initial considerations on the cost approach/ DEAKIN, M. - The accuracy of valuations revisited/ CULLEN, I. - Leisure property: a question of profit/ SAYCE, S. - Valuing and appraising new lease forms: the case of break clauses in office markets/ LIZIERI, C. & HERD, G. - Applications of the arbitrage method of valuation/ FRENCH, N. & WARD, C. - Price discovery and efficiency in the UK housing market/ BARKHAM, R. & GELTNER, D. - A genetic algorithm for modelling location effects on residential property prices/ COOLEY, R. - Implications of a multi-level perspective for researching house prices/ BULLEN, N. - The operation and differentiation of housing
650 _aCITY UNIVERSITY BUSINESS SCHOOL
650 _aPROPERTY-COMMERCIAL PROPERTY
650 _aCONFERENCES
650 _aCUTTING EDGE 1994
650 _aENVIRONMENTAL MANAGEMENT SYSTEMS
650 _aEUROPE
650 _aHOUSE PRICES
650 _aHOUSING MARKET
650 _aINDUSTRIAL PROPERTY
650 _aLANARKSHIRE
650 _aLEASES
650 _aLEISURE PROPERTY
650 _aOFFICES
650 _aPROPERTY CYCLES
650 _aPROPERTY DEVELOPMENT
650 _aPROPERTY FUNDS
650 _aPROPERTY INVESTMENT
650 _aPROPERTY MARKET
650 _aPROPERTY RETURNS
650 _aRENT
650 _aRENTAL VALUES
650 _aRETAIL PROPERTY
650 _aRETAIL RENTS
650 _aSCOTLAND
650 _aSMART BUILDINGS
650 _aValuation
_96273
690 _aPROPERTY LAW AND PRACTICE
700 _aBrown, Stephen
_xEditor
942 _n0
948 _c04/03/1997
999 _c94282
_d94282